000 03417nam0a22004331 4500
001 v19\rc\2109746
005 20260408063605.0
035 _a(NLR Aleph) 005279398
090 _a6082230
_c6082230
100 _a20090914d1823 |||y0rusy50 ca
101 0 _arus
102 _aRU
140 _ay y zz yaa0000
200 1 _aО суде присяжными во Франции
210 _aМосква
_cв типографии С. Селивановскаго
_d1823
215 _a42 с.
_d
300 _aЦенз.: Л.А.Цветаев, 2 марта 1823 г.
300 _aАвт. установлен по: С.Л.Мухина. Безвестные декабристы // Ист. зап.- 1975. - Т.96. - С.240
300 _aНа с.3 посвящ. А.С.Неболсиной
300 _aИзд. также: Вестник Европы. - 1823. - № 10. - С.81-98, № 11. - С.161-177
316 _aЭкз. РНБ (18.72.3.74) в составном картонном переплете, обтянутом мраморной бумагой, с кожаными корешком и уголками. На корешке золотое тиснение и вытесненная надпись: "О су[де] во Фра[нции]". На нижней крышке переплета экслибрис Русского фонда ГПБ. На форзаце ярлык, заклеивающий рукоп. помету, с шифром РНБ. На тит. л., с.15 и 42 круглый штамп ГПБ
_5NLR: 18.72.3.74
316 _aЭкз. РНБ (139/281) в составном картонном переплете, обтянутом мраморной бумагой, с кожаными корешком и уголками. На корешке золотое тиснение и вытесненная надпись: "О су[де] во Фра[нции]". На верхней крышке переплета бумаж. наклейка с цифрами: 3 224. На нижней крышке переплета экслибрис Русского фонда ГПБ. На форзаце ярлык с шифром РНБ. На нахзаце рукоп. помета: "Из департ. Кат. кн. с 14 го февраля по 2 е октября 1823 года. № 50". На об. тит. л. и с.33 круглый штамп ГПБ
_5NLR: 139/281
321 1 _aПетр. 1617
321 1 _aСмирд. 2115
488 0 _12001#$aВестник Европы$v1823, № 10-11
_tВестник Европы
620 _aМосква
700 1 _aЧеревин
_bП.Д.
_f1802-1824
_gПавел Дмитриевич
702 1 _aНеболсина
_bА.С.
_gАвдотья Селиверстовна
_4280
702 1 _4190
_8rus
_7ca
_aЦветаев
_bЛ. А.
_f1777-1835
_gЛев Алексеевич
_3RU\NLR\AUTH\77123001
_9105926
702 1 _4610
_7ca
_8rus
_aСеливановский
_bС.И.
_f1772-1835
_gСемен Иоанникиевич
_9236104
_3RU\NLR\AUTH\770236160
712 0 0 _4610
_aСеливановский,
_gС.,
_hтипография и словолитня
_cМосква
_3RU\NLR\AUTH\8810035689
_9569800
801 0 _aRU
_bNLR
_c20090914
_gpsbo
801 1 _aRU
_bProSoft-M
_c20090914
_2rusmarc
801 2 _aRU
_bNLR
_c20110311
_2rusmarc
852 _aNLR
_j18.72.3.74
852 _aNLR
_j139/281
942 _cBOOK
980 _aNB